| 000 | 00415cam a2200169ua 4500 | ||
|---|---|---|---|
| 020 | _cRs 5.00 | ||
| 041 |
_ahin _h |
||
| 082 |
_a891.4 _bFAl/SA |
||
| 100 | _aFalases, Ban . | ||
| 245 |
_aSamudra ki jaharaya mam / _cFalases Ban. _hTextual Documents |
||
| 260 |
_aDelhi : _bRajapal Erava Saniyji , _c1978. |
||
| 300 | _a406 ; . | ||
| 365 | _aRs 5.00 | ||
| 504 | _a | ||
| 942 | _cBK | ||
| 999 |
_c2623 _d2623 |
||